00614nam a2200181Ia 4500952013300000999001700133003000400150005001700154008004100171040000900212082001800221100003500239245004300274260004400317300000900361650002000370942004200390 00102ddc40708NFICaMESbMEScMGCd2019-02-20fS8R7g1.50l0o820.82 GAN/Op2825r2019-02-20 00:00:00w2019-02-20yBKzGR11R1 c12073d12073OSt20210206133413.0190216s9999||||xx |||||||||||||| ||und|| coclc a820.82bGAN/O1 aGandhi, Mahatma922d1869-1948 0aOur Language Problem /cMahatma Gandhi bBharatiya Vidya Bhavan,c1965.aBombay: a132p aEnglish General cBK2ddch820.82iGAN/Ok820.82mGAN/O